Curso de direito civil / (Record no. 773)
[ view plain ]
| 000 -LÍDER | |
|---|---|
| Campo Fixo de Controle | 00783nam a2200265 a 4500 |
| 001 - NÚMERO DE CONTROLE | |
| Campo de Controle | 773 |
| 003 - IDENTIFICAÇÃO DO NÚMERO DE CONTROLE | |
| Campo de Controle | BR-CuiBMT |
| 005 - DATA E HORA DA ÚLTIMA ATUALIZAÇÃO | |
| Campo de Controle | 20231129163153.0 |
| 008 - DADOS FIXOS | |
| Dados Fixos | 231116s2003 spb 001 0 por d |
| 020 ## - INTERNATIONAL STANDARD BOOK NUMBER | |
| Nº do ISBN | 8502022989 (obra completa) |
| 020 ## - INTERNATIONAL STANDARD BOOK NUMBER | |
| Nº do ISBN | 8502042971(v. 3) |
| 040 ## - AGÊNCIA CATALOGADORA | |
| Código da Agência Catalogadora | BR-CuiBMT |
| Agência que transcreveu o registro | BR-CuiBMT |
| 080 ## - Nº DA CLASSIFICAÇÃO DECIMAL UNIVERSAL | |
| Nº edição CDU | 2007 |
| Nº Class. CDU | 347 |
| 090 ## - NÚMERO DE CHAMADA | |
| Nº classificação | 347 |
| Cutter | M775c |
| Ano/Edição | 37. ed. |
| 100 1# - ENTRADA PRINCIPAL -- AUTOR PESSOAL | |
| Nome pessoal | Monteiro, Washington de Barros, |
| Datas associadas ao nome | 1910-1999 |
| 245 10 - TÍTULO PRINCIPAL | |
| Título principal | Curso de direito civil / |
| Indicação de responsabilidade | Washington de Barros Monteiro. |
| 250 ## - EDIÇÃO | |
| Edição | 37. ed., rev. e atual. |
| 260 ## - PUBLICAÇÃO, DISTRIBUIÇÃO, ETC. | |
| Local de publicação | São Paulo : |
| Editora | Saraiva, |
| Data | 2003. |
| 300 ## - DESCRIÇÃO FÍSICA | |
| N. páginas ou volumes | v. ; |
| Dimensões | 22 cm |
| 504 ## - NOTA DE BIBLIOGRAFIA, ETC. | |
| Nota de bibliografia | Inclui índice. |
| 505 1# - NOTA DE CONTEÚDO | |
| Nota de conteúdo | v. 3. Direito das coisas |
| 590 ## - NOTA LOCAL | |
| Nota local | A Biblioteca possui somente o volume 3. |
| 650 ## - ASSUNTO TÓPICO | |
| Cabeçalho tópico ou nome geográfico | Direito civil |
| Subdivisão geográfica | Brasil |
| 942 ## - ELEMENTOS DE ENTRADA ADICIONAIS (KOHA) | |
| Fonte de classificação ou esquema de arquivamento | Classificação Decimal Universal |
| Tipo de item do Koha | Livros |
| Estado: removido | Estado: perdido | Fonte de classificação ou esquema de arquivamento | Estado: danificado | Indisponível para empréstimo | Localização permanente | Localização atual | Data de aquisição | Numeração serial ou cronológica (Volume) | Total Checkouts | Número de Chamada completo | Código de barras | Date last seen | Número do exemplar | Preço efetivo a partir de | Tipo de item (Koha) |
|---|---|---|---|---|---|---|---|---|---|---|---|---|---|---|---|
| Classificação Decimal Universal | Biblioteca da Escola Superior de Contas do TCE/MT | Biblioteca da Escola Superior de Contas do TCE/MT | 16/11/2023 | v. 3 | 347 M775c | BIBTCEMT23110684 | 16/11/2023 | Ex. 1 | 16/11/2023 | Livros |